000 00890nas a2200289 4500
001 BR0905627
003 BR-BrBNA
005 20231205113721.0
007 ta
008 230509b bl.|||p| |||| 00| 00por d
040 _aBR-BrBNA
_bpor
_cBiblioteca Nacional de Agricultura
041 _a(Pt)
072 _aL10; L01
100 1 _aPaixão, D.M.
100 1 _aGuimarães, S.E.F.
100 1 _aSilva Filho, M.I. da
100 1 _aLopes, P.S.
100 1 _aPereira, M.S.
100 1 _aSolero, B.P.
245 1 _aDetecção de locos de características quantitativas nos cromossomos 16,17 e de 18 suínos
650 _aSUÍNO
650 _aPRODUÇÃO ANIMAL
650 _aGENÉTICA ANIMAL
773 0 _tRevista Brasileira de Zootecnia (Brazil)
_xISSN 1516-3598
_g(Oct 2008), v. 37(10) p. 1781-1787
_wBR0905627
909 _a202311
_bLúcia
_c55
_dLúcia Elande
942 _2AGRIS
_n0
_cANA
999 _c205212
_d205212